|
|
|
|
| LEADER |
00000nab a2200000 a 4500 |
| 001 |
vtls000272844 |
| 003 |
SK-MaSNL |
| 005 |
20260304100914.0 |
| 008 |
220422c1987 xo 0 slo |
| 015 |
|
|
|a SNBRB19rr/mm-uuuuu
|
| 035 |
|
|
|a CL0282958
|
| 040 |
|
|
|a SNKBUCL
|b slo
|c SNKBUCL
|e AACR2
|
| 041 |
0 |
|
|a slo
|
| 044 |
|
|
|a xo
|c SK
|
| 080 |
|
|
|a 616.1:061.3
|2 1981
|
| 080 |
|
|
|a 061.3
|2 1981
|
| 100 |
1 |
|
|a Pavlovič, M.
|4 aut
|9 828840
|
| 245 |
1 |
0 |
|a 5. dni mladých internistov, Košice 11. a 12. 9. 1986
|c M. Pavlovič
|
| 650 |
0 |
7 |
|a vnútorné choroby
|2 snkbucl
|9 75553
|
| 655 |
|
7 |
|a články z novín a časopisov
|2 snkbucl
|9 267496
|
| 773 |
0 |
|
|t Vnitřní lékařství
|g Roč. 33, č. 1 (1987), s. 95-96
|
| 850 |
|
|
|a Slovenská národná knižnica v Martine
|a MTA001
|
| 852 |
|
|
|a SNK
|b KIS3GCP
|
| 957 |
|
|
|a 5403
|
| 958 |
|
|
|a RK
|
| 958 |
|
|
|a ME
|
| 992 |
|
|
|a RBX
|
| 999 |
|
|
|c 2840211
|d 2842141
|